LEADER 00987nam a2200265 i 4500 001 000000135804 003 CaOOAMICUS 005 20191029120113.0 008 160126s1960 it u000 u ita u 013 $a109215 040 $aSeMil$bita 100 1 $aUlanov, Barry.$0(OLS)http://semarc/name/55356 240 12$aA handbook of jazz.$0(OLS)http://semarc/title/198494 245 10$aManuale del jazz /$cdi Barry Ulanov. 250 $a2. Ed. 260 $aMilano :$bFeltrinelli,$c1960. 300 $a295 p. ;$c18 cm. 490 0 $aUniversale economica ;$v264 650 4$aMusica - Jazz.$0(OLS)http://semarc/subject/26729 830 0$aUniversale economica ;$v264.$0(OLS)http://semarc/title/11224 850 $aSeMil 852 $aSeMil$W1$xVenegono$y1$m3Q I 38$j89446$B89446$CSeMilBibl$Z2$F94287 $81 996 $6245$aManuale del jazz$9(OLS)http://semarc/title/198493 996 $6260$aMilano :$bFeltrinelli$9(OLS)http://semarc/publisher/30237 LEADER 00927nam a2200217 i 4500 001 000000215006 003 CaOOAMICUS 005 20120810000000.0 008 120810s1958 it u000 u ita u 013 $a193878 040 $aSeMil$bita 100 1 $aBagiotti, Tullio.$0(OLS)http://semarc/name/31050 245 10$aStoria economica della Valtellina e Valchiavenna /$cTullio Bagiotti. 260 $aSondrio :$bBanca Popolare di Sondrio,$c1958. 300 $a271 p., [12] c. di tav. :$bill. ;$c22 cm. 650 4$aValtellina - Storia.$0(OLS)http://semarc/subject/10878 650 4$aValchiavenna.$0(OLS)http://semarc/subject/29989 850 $aSeMil 852 $aSeMil$W1$xVenegono$y1$m3P II 114$j165427$B165427$CSeMilBibl$Z2$F176413 $81 996 $6245$aStoria economica della Valtellina e Valchiavenna$9(OLS)http://semarc/title/309713 996 $6260$aSondrio :$bBanca Popolare di Sondrio$9(OLS)http://semarc/publisher/34366